| 000 | 00595nam a2200193Ia 4500 | ||
|---|---|---|---|
| 005 | 20251020182527.0 | ||
| 008 | 200515s9999 xx 000 0 und d | ||
| 082 | _a693.3/I59/1990 | ||
| 245 | 0 | _aHabiterra: sistematización del uso de la tierra en viviendas de interés social : informe inicial | |
| 260 | _aBuenos Aires | ||
| 260 | _c1991 | ||
| 300 | _aPrograma de Ciencia y Tecnología para el Desarrollo V Centenario CYTED-D | ||
| 500 | _a1 ejemplar | ||
| 650 | _aLIB | ||
| 650 | _aPROBLEMATICA HABITACIONAL | ||
| 650 | _aPROYECTOS | ||
| 650 | _aSISTEMAS CONSTRUCTIVOS | ||
| 942 | _cLIB | ||
| 999 |
_c1944 _d1944 |
||